Applied Statistics For Networks Biology Methods In Systems Biology. (Record no. 3600)
[ view plain ]
| 000 -LEADER | |
|---|---|
| fixed length control field | 00654nam a22001817a 4500 |
| 008 - FIXED-LENGTH DATA ELEMENTS--GENERAL INFORMATION | |
| fixed length control field | 250522b |||||||| |||| 00| 0 eng d |
| 020 ## - INTERNATIONAL STANDARD BOOK NUMBER | |
| ISBN | 9783527327508 |
| 245 ## - TITLE STATEMENT | |
| Title | Applied Statistics For Networks Biology Methods In Systems Biology. |
| Statement of responsibility, etc | Dehmer Matthias, Emmert-Streib Frank, Graber Armin, Salvador Amindo. |
| 260 ## - PUBLICATION, DISTRIBUTION, ETC. (IMPRINT) | |
| Place of publication | Weinheim |
| Name of publisher | Wiley-VCH Verlag and Co. |
| Date of publication | 2011 |
| 300 ## - COLLATION | |
| Pagination | xxiii, 254p. |
| Other physical details | illustration; |
| 650 ## - TRACINGS | |
| Main Subject | Systems Biology - Statistical Method |
| Subdivision (1st) | Computational Biology. |
| 700 ## - ADDITIONAL AUTHOR | |
| Additional Author | Dehmer Matthias |
| 700 ## - ADDITIONAL AUTHOR | |
| Additional Author | Emmert-Streib Frank |
| 700 ## - ADDITIONAL AUTHOR | |
| Additional Author | Graber Armin |
| 700 ## - ADDITIONAL AUTHOR | |
| Additional Author | Salvador Amindo. |
| 942 ## - ADDED ENTRY ELEMENTS (KOHA) | |
| Item type | Books |
| 050 ## - LIBRARY OF CONGRESS CALL NUMBER | |
| Classification number | QH324.2 |
| Item number | .A67 2011 |
| Source of classification or shelving scheme | Not for loan | Permanent location | Current location | Date acquired | Accession No. | Full call number | Barcode. | Koha item type |
|---|---|---|---|---|---|---|---|---|
| Library of Congress Classification | Samuel Ogbemudia Main Library, University of Abuja | Samuel Ogbemudia Main Library, University of Abuja | 05/22/2025 | 2024/64106 | QH324.2.A67 2011 | 2025-2073 | Books |